Echelle de mots : De rose à noir - Statistiques

Statistiques générales
  • Ce quiz a été pris 9 731 fois
  • Le résultat moyen est 16 sur 22
Statistiques - réponses
Indice Répondre % Correct
Couleur de la boisson Lait-fraise. Rose
100%
Attitude du mannequin. Pose
94%
Il y en a deux, un au nord et l'autre au sud. Pôle
93%
Individu par opposition à la femelle. Mâle
92%
Ne réfléchit aucune lumière. Noir
90%
A une très grande distance. Loin
77%
Aliment essentiel pour les français. Pain
77%
Unité de mesure en physique pour les atomes. Mole
76%
Se met sur l'oreiller. Taie
76%
Très peu coloré. Pâle
75%
Juste avant le crépuscule. Soir
74%
Somme reversée aux salariés. Paie
73%
Action par laquelle on rétablit la santé. Soin
73%
Indispensable pour la cheminée. Bois
71%
Régissent nos sociétés. Lois
70%
Feuille de fer ondulée. Tôle
65%
Absence de violences. Paix
62%
Assaisonnement de base. Salé
62%
Petit légume dans sa gousse. Pois
61%
Petit golfe. Baie
55%
Derrière un miroir pour réfléchir la lumière. Tain
52%
Substance collante. Poix
39%
Aucun quiz correspondant
Distribution des résultats
% des personnes avec chaque résultat
Percentile par nombre de réponses
Votre historique - résultats
Vous n’avez pas pris ce quiz